Teoría de la acción comunicativa
Uloženo v:
| Hlavní autor: | |
|---|---|
| Médium: | Kniha |
| Jazyk: | španělština |
| Vydáno: |
Madrid
Taurus- Grupo Santillana
2003
|
| Vydání: | 4a. ed |
| Edice: | Humanidades Filosofía
|
| Témata: | |
| On-line přístup: | Disponible Online - Vol. 1 |
| Tagy: |
Přidat tag
Žádné tagy, Buďte první, kdo vytvoří štítek k tomuto záznamu!
|
MARC
| LEADER | 00000nam a2200000 a 4500 | ||
|---|---|---|---|
| 001 | UCK6843 | ||
| 003 | CL-VaPUC | ||
| 005 | 20240513142301.0 | ||
| 008 | 051021e20030600sp |||||||||||||||||spa|d | ||
| 999 | |c 314988 |d 314986 | ||
| 020 | |a 8430603417 | ||
| 020 | |a 8430603395v.1 | ||
| 020 | |a 8430603409v.2 | ||
| 040 | |c Pontificia Universidad Católica de Valparaíso | ||
| 082 | 0 | 4 | |a 149.94 HAB 2003 |b |2 21 |
| 100 | 0 | |a Habermas, Jürgen |e author |9 334312 | |
| 245 | 1 | 0 | |a Teoría de la acción comunicativa |
| 250 | |a 4a. ed | ||
| 260 | |a Madrid |b Taurus- |b Grupo Santillana |c 2003 | ||
| 300 | |a volúmenes | ||
| 490 | 0 | |a Humanidades Filosofía | |
| 500 | |a v.1: Racionalidad de la acción y racionalización social | ||
| 500 | |a v.2: Crítica de la razón funcionalista | ||
| 583 | |a last modification |c 20171214 01:25:59 |k Rodrigo Vera | ||
| 650 | 0 | |a Teoría del lenguaje |2 CL-VaPUC |9 402255 | |
| 650 | 0 | |a Comunicación |9 257251 | |
| 650 | 7 | |a Lingüística |2 CL-VaPUC |9 417891 | |
| 650 | 0 | |a Psicolingüística |9 283371 | |
| 852 | |a BIBCUR | ||
| 856 | |u https://bibliografiadigital.pucv.cl/index.php/bibliotecapucv/catalog/book/67 |y Disponible Online - Vol. 1 | ||
| 942 | |c BK |2 ddc | ||
| 945 | |d 20051021 00:00:00 |a cmena | ||
| 952 | |0 0 |1 0 |4 0 |6 149_940000000000000_HAB_2003_2003 |7 0 |8 A |9 387860 |a BIBEDU |b BIBEDU |d 2019-11-22 |h v.1 |i 4120981 |l 1 |o 149.94 HAB 2003 2003 |p 4120981 |r 2022-06-02 |s 2022-05-18 |w 2019-11-22 |y BK |k PSI | ||
| 952 | |0 0 |1 0 |4 0 |6 149_940000000000000_HAB_2003_2003 |7 0 |8 A |9 387861 |a BIBEDU |b BIBEDU |d 2019-11-22 |h v.2 |i 412099K |o 149.94 HAB 2003 2003 |p 412099K |r 2019-11-22 |w 2019-11-22 |y BK |k PSI | ||